<?xml version="1.0" encoding="UTF-8"?>
<record
    xmlns:xsi="http://www.w3.org/2001/XMLSchema-instance"
    xsi:schemaLocation="http://www.loc.gov/MARC21/slim http://www.loc.gov/standards/marcxml/schema/MARC21slim.xsd"
    xmlns="http://www.loc.gov/MARC21/slim">

  <leader>00711nam a2200241Ia 4500</leader>
  <datafield tag="952" ind1=" " ind2=" ">
    <subfield code="0">0</subfield>
    <subfield code="1">0</subfield>
    <subfield code="2">LCC</subfield>
    <subfield code="4">0</subfield>
    <subfield code="7">0</subfield>
    <subfield code="a">GETS</subfield>
    <subfield code="b">GETS</subfield>
    <subfield code="c">GEN</subfield>
    <subfield code="d">2020-09-01</subfield>
    <subfield code="l">3</subfield>
    <subfield code="m">6</subfield>
    <subfield code="o">BS2397 .L33 1984- v.2</subfield>
    <subfield code="p">00014835</subfield>
    <subfield code="r">2021-11-08 00:00:00</subfield>
    <subfield code="s">2021-10-19</subfield>
    <subfield code="w">2020-09-01</subfield>
    <subfield code="y">CB</subfield>
  </datafield>
  <datafield tag="999" ind1=" " ind2=" ">
    <subfield code="c">27539</subfield>
    <subfield code="d">27539</subfield>
  </datafield>
  <controlfield tag="003">OSt</controlfield>
  <controlfield tag="005">20210126172258.0</controlfield>
  <controlfield tag="008">200901s9999||||xx |||||||||||||| ||und||</controlfield>
  <datafield tag="040" ind1=" " ind2=" ">
    <subfield code="c">GETS</subfield>
  </datafield>
  <datafield tag="041" ind1=" " ind2=" ">
    <subfield code="a">chi</subfield>
    <subfield code="h">eng</subfield>
  </datafield>
  <datafield tag="050" ind1=" " ind2=" ">
    <subfield code="a">BS2397  </subfield>
    <subfield code="b">.L33 1984-</subfield>
  </datafield>
  <datafield tag="100" ind1=" " ind2=" ">
    <subfield code="a">Ladd, George Eldon </subfield>
  </datafield>
  <datafield tag="245" ind1=" " ind2="0">
    <subfield code="a">&#x65B0;&#x7D04;&#x795E;&#x5B78;</subfield>
    <subfield code="b">= A Theology of the New Testament /</subfield>
    <subfield code="c">&#x8CF4;&#x5FB7; (George Eldon Ladd) &#x8457;; &#x99AC;&#x53EF;&#x4EBA; &#x8B6F;&#xA0;</subfield>
  </datafield>
  <datafield tag="246" ind1=" " ind2=" ">
    <subfield code="a">&#x65B0;&#x7EA6;&#x795E;&#x5B66;</subfield>
    <subfield code="b">/</subfield>
  </datafield>
  <datafield tag="260" ind1=" " ind2=" ">
    <subfield code="a">&#x81FA;&#x5317;:</subfield>
    <subfield code="b">&#x4E2D;&#x83EF;&#x798F;&#x97F3;&#x795E;&#x5B78;&#x9662;,</subfield>
    <subfield code="c">1984-</subfield>
  </datafield>
  <datafield tag="300" ind1=" " ind2=" ">
    <subfield code="a">2 v.</subfield>
    <subfield code="b">;</subfield>
    <subfield code="c">21 cm.</subfield>
  </datafield>
  <datafield tag="500" ind1=" " ind2=" ">
    <subfield code="a">Translatin of: A Theology of the New Testament</subfield>
  </datafield>
  <datafield tag="650" ind1=" " ind2=" ">
    <subfield code="a">Bible. -- New Testament.Theology. </subfield>
  </datafield>
  <datafield tag="700" ind1=" " ind2=" ">
    <subfield code="a">&#x8CF4;&#x5FB7;</subfield>
  </datafield>
  <datafield tag="700" ind1=" " ind2=" ">
    <subfield code="a">&#x99AC;&#x53EF;&#x4EBA;</subfield>
  </datafield>
  <datafield tag="942" ind1=" " ind2=" ">
    <subfield code="c">CB</subfield>
  </datafield>
  <datafield tag="949" ind1=" " ind2=" ">
    <subfield code="v">v.2</subfield>
  </datafield>
</record>
